000 00453nam a2200109Ia 4500
008 220204s9999 xx 000 0 und d
082 _a338.439(063)
_bNCA
100 _aShelvarajan, S
245 0 _aResource analysis for sustaining water-food security : Proceedings of the planning workshop organized under National Agricultural Technology project
260 _aNew Delhi
_bNational Centre for Agricultural Economics and Policy Research
_c2004
942 _cBK
999 _c44106
_d44106